000 00862nam a2200301Ia 4500
003 OSt
005 20221005062308.0
006 a|||||r|||| 00| 0
007 ta
008 221004b |||||||| |||| 00| 0 eng d
020 _a041502708X
024 _a42420
037 _cTextual
040 _aCRL
_cCRL
_beng
041 _2eng
_aeng
082 _aO111,2J64:TN:g, M8
100 _aLothian J M Ed.
_9493533
110 _aGift from Prof Amitava Banerjee, London
245 0 _aTwentieth night
260 _aLondon
_bRoutledge UK
_c1988
300 _a188p.
_ccm.
490 _aArden Shakespeare Editions
650 _aENGLISH LITERATURE
700 _a Craik T W Ed.
700 _aGift from Prof Amitava Banerjee, London
942 _hO111,2J64:TN:g, M8
_cTEXL
_2cc
999 _c969482
_d969482